| 000 | 00784nam a2200265Ia 4500 | ||
|---|---|---|---|
| 001 | dia_1117 | ||
| 003 | CHAP | ||
| 005 | 20230119131822.0 | ||
| 008 | 220117s1996 xx 000 0 und d | ||
| 010 | _a171664 | ||
| 020 | _a968-853-262-2 | ||
| 040 | _cCHAP | ||
| 082 | _a370.7 V3Y | ||
| 100 |
_aVan Dalen, Deobold B. _9117706 |
||
| 245 |
_aManual de Técnica de la Investigación Educacional / _c por Deobold B. Van Dalen |
||
| 260 |
_aMéxico : _b Paidos, _c1996 |
||
| 300 | _a534 p. | ||
| 400 | _aTRADUCCION DEL INGLES UNDERSTANDING EDUCACIONAL RESEARCH | ||
| 503 | _aI.200723 | ||
| 650 |
_a1.Educación _xinvestigación _9150069 |
||
| 901 | _a370.7 V3Y | ||
| 902 | _aM | ||
| 905 | _a0000001996 MX X 0000000000SPA00 | ||
| 942 |
_cLIBRO _2ddc |
||
| 999 |
_c171664 _d171664 |
||